Valencia CF 2019-20 Squad - Statistics

General Stats
  • This quiz has been taken 9 times
  • The average score is 23 of 27
Answer Stats
Squad Number Position Nationality Answer % Correct
21 RB Italian Cristiano Piccini
100%
18 RB Danish Daniel Wass
100%
10 CM Spanish Dani Parejo
100%
11 LW Russian Denis Cheryshev
100%
17 DM French Francis Coquelin
100%
6 DM Central African Geoffrey Kondogbia
100%
7 LW Portuguese Gonçalo Guedes
100%
13 GK Dutch Jasper Cillessen
100%
1 GK Spanish Jaume Doménech
100%
14 LB Spanish José Gayà
100%
9 FW French Kevin Gameiro
100%
22 FW Uruguayan Maxi Gómez
100%
25 RB Italian Alessandro Florenzi
89%
8 CM Spanish Carlos Soler
89%
4 CB French Eliaquim Mangala
89%
24 CB Argentine Ezequiel Garay
89%
20 RW Spanish Ferran Torres
89%
5 CB Brazilian Gabriel Paulista
89%
16 AM South Korean Lee Kang-in
89%
12 CB French Mouctar Diakhaby
89%
19 CF Spanish Rodrigo
89%
2 RB Portuguese Thierry Correia
78%
- Manager Spanish Albert Celades
56%
3 LB Spanish Jaume Costa
56%
32 CB Spanish Javi Jiménez
56%
23 FW Spanish Rubén Sobrino
44%
15 FW Spanish Manu Vallejo
33%
No matching quizzes found
Score Distribution
Percent of People with Each Score
Percentile by Number Answered
Your Score History
You have not taken this quiz